Can You Name Every Coaster to Every exist at Kings Island? - Statistics

General Stats
  • This quiz has been taken 51 times
  • The average score is 16 of 22
Answer Stats
Hint Answer % Correct
2009 Diamondback
98%
1979 Beast
95%
2020 Orion
95%
2014 Banshee
90%
2017 Mystic Timbers
90%
1972 Racer
90%
1996 Flight of Fear
88%
1987 Vortex
88%
1981 Bat
85%
1993 Bat
85%
2000 Son of Beast
80%
1991 Adventure Express
76%
1999 Invertigo
73%
2007 Firehawk
71%
2005 Backlot Stunt Coaster
68%
1972 Woodstock Express
66%
1992 Great Pumpkin Coaster
54%
2001 Flying Ace Aerial Chase
49%
1984 King Cobra
46%
1977 Demon
44%
1972 Bavarian Beetle
34%
1998 Scooby's Ghoster Coaster
29%
No matching quizzes found
Score Distribution
Percent of People with Each Score
Percentile by Number Answered
Your Score History
You have not taken this quiz